000 00690cam a22002651 4500
001 sa 66000203
003 DLC
005 20260227112213.0
008 950117s1961 ii a b 000 0 tamo
010 _asa 66000203
025 _aPL480:I-T-136
035 _a(OCoLC)31829355
040 _aDLC
_cCU
_dCU
_dDLC
042 _apremarc
050 0 0 _aHM251
_b.B473
100 2 _aBesant Creeper Raj, Arumai,
_d1933-
245 1 0 _aCamūkattil nām.
260 _c[1961]
300 _axiv, 298 p.
_bill.
_c21 cm.
500 _aIn Tamil.
500 _aAdded title: Samoohatthil naam.
504 _aIncludes bibliographies.
650 0 _aSocial psychology.
740 0 _aSamoohatthil naam.
999 _c67114
_d67114